Los fantasmas del Luxor /

El viejo cine del pueblo está abandonado y en venta. Muchas generaciones se han emocionado con sus películas, muchos romances comenzaron al abrigo de una oscuridad cómplice. Sabedores de todo esto, un grupo de chicos se une para salvarlo. Entre sus aventuras se colarán peleas, besos y gatos negros....

Descripción completa

Guardado en:
Autor Principal: Colombo, Cristina.
Otros Autores: Lavezzi, María; il.
Formato: Libro
Idioma:Undetermined
Publicado: Buenos Aires : La brujita de papel : La letra del gato, 2023.
Edición:1a ed.
Series:Identidades bonaerenses
Los libros del Ratón
Materias:
Etiquetas: Agregar Etiqueta
Sin Etiquetas, Sea el primero en etiquetar este registro!
LEADER 01666nam a22003015a 4500
001 CEM.cems024787
008 250710s2023####ag############000#0#und#d
005 20250818075105.0
245 1 0 |a Los fantasmas del Luxor /  |c Cristina Colombo ; ilustrado por María Lavezzi. 
250 |a 1a ed. 
260 |a Buenos Aires :  |b La brujita de papel :  |b La letra del gato,  |c 2023. 
300 |a 125 p. 
490 1 |a Identidades bonaerenses 
490 1 |a Los libros del Ratón 
500 |a Edición especial de la Dirección de Cultura y Educación de la Provincia de Buenos Aires. 
500 |a Sugerencia de edad: a partir de ciclo básico. 
520 |a El viejo cine del pueblo está abandonado y en venta. Muchas generaciones se han emocionado con sus películas, muchos romances comenzaron al abrigo de una oscuridad cómplice. Sabedores de todo esto, un grupo de chicos se une para salvarlo. Entre sus aventuras se colarán peleas, besos y gatos negros. Escrito con ternura y agilidad, el relato muestra cómo la organización puede recuperar un lugar emblemático para la geografía y la cultura de un barrio y un pueblo. 
020 |a 9789878921617 
100 1 |a Colombo, Cristina. 
700 1 |a Lavezzi, María; il. 
653 |a Narrativa argentina 
653 |a Literatura argentina 
653 |a Literatura infantil y juvenil 
653 |a Identidades bonaerenses 
859 |a CEMS  |b BIB. CEMS - Agricultura  |h A863.4  |i C718  |p A3930.25  |t Ej.1 
859 |a CEMS  |b BIB. CEMS - Ccias. Educacion  |h A863.4  |i C718  |k CE  |p 30075.25  |t Ej.1 
859 |a CEMS  |b BIB. CEMS - 11 de abril  |h A863.4  |i C718  |p 30073.25  |t Ej.1 
859 |a CEMS  |b BIB. CEMS - 11 de abril  |h A863.4  |i C718  |p 30074.25  |t Ej.2